Terror em tudo azul (Record no. 184598)

MARC details
000 -LÍDER
campo de controle de tamanho fixo 00359 a2200169 4500
001 - NÚMERO DE CONTROLE
campo de controle 184598
020 ## - ISBN - INTERNATIONAL STANDARD BOOK NUMBER
ISBN - International Standard Book Number 85-357-0007-2
040 ## - FONTE DA CATALOGAÇÃO
Instituição que transcreveu o registro Magnum
100 ## - ENTRADA PRINCIPAL--NOME PESSOAL
Nome pessoal Cazarré, Lourenço
240 10 - TÍTULO UNIFORME
Título uniforme Terror em tudo azul
Idioma da obra por
245 10 - TÍTULO
Título Terror em tudo azul
300 ## - DESCRIÇÃO FÍSICA
Extensão 123
362 0# - DATAS DE PUBLICAÇÃO E/OU DESIGNAÇÃO SEQUENCIAL
Datas de publicação e/ou designação sequencial 1999
440 #1 - DECLARAÇÃO DE SÉRIE/ENTRADA ADICIONADA--TÍTULO
Título Atual
697 ## - ENTRADA DE ASSUNTO LOCAL--ENTIDADE COLETIVA (RLIN)
Nome corporativo ou nome da jurisdição LITERATURA JUVENIL
942 ## - ELEMENTOS DE ENTRADA ADICIONADOS (KOHA)
Tipo de material Koha Livros
Holdings
Situação do descarte Situação das perdas Situação física Não pode ser emprestado Biblioteca de origem Biblioteca atual Data de aquisição Total de empréstimos Número de chamada completo Código de barras Data de último acesso Data do preço efetivo Tipo de material Koha
        Magnum Magnum 08/06/2024   869.3.137 MAG00044402 08/06/2024 08/06/2024 Livros
        Magnum Magnum 08/06/2024   869.3.137 MAG00044403 08/06/2024 08/06/2024 Livros
        Magnum Magnum 08/06/2024   869.3.137 MAG00044404 08/06/2024 08/06/2024 Livros
        Magnum Magnum 08/06/2024   869.3.137 MAG00044405 08/06/2024 08/06/2024 Livros
        Magnum Magnum 08/06/2024   869.3.137 MAG00044406 08/06/2024 08/06/2024 Livros
        Magnum Magnum 08/06/2024   869.3.137 MAG00044407 08/06/2024 08/06/2024 Livros
        Magnum Magnum 08/06/2024   869.3.137 MAG00044408 08/06/2024 08/06/2024 Livros
        Magnum Magnum 08/06/2024   869.3.137 MAG00044409 08/06/2024 08/06/2024 Livros
        Magnum Magnum 08/06/2024   869.3.137 MAG00044410 08/06/2024 08/06/2024 Livros